000 00814cam a22002653a 4500
001 9042
003 PGUSA
005 20140828083207.0
008 050901s2005||||xxu|||||s|||||000 1 eng d
040 _aPGUSA
_beng
042 _adc
050 4 _aPS
100 1 _aTwain, Mark,
_d1835-1910
245 1 0 _aExtracts from Adam's Diary
_h[electronic resource] /
_cMark Twain
260 _bProject Gutenberg,
_c2005
506 _aCopyrighted. Read the copyright notice inside this book for details.
516 _aElectronic text
653 _aAdam (Biblical figure) -- Fiction
653 _aDiary fiction
653 _aHumorous stories
653 _aBible. Genesis -- History of Biblical events -- Fiction
830 0 _aProject Gutenberg
_v9042
856 4 0 _uhttp://www.gutenberg.org/ebooks/9042
942 _cAB
999 _c238326
_d238326